| 000 | 00473nmm a2200169Ia 4500 | ||
|---|---|---|---|
| 008 | 251105s9999||||xx |||||||||||||||||und|| | ||
| 020 | _a9789586487504 | ||
| 041 | _aspa | ||
| 100 | _aPeña Peña, Rogelio Enrique | ||
| 245 | 0 | _aTeoría general del derecho | |
| 264 |
_a[Bogotá, Colombia] : _bEcoe Ediciones, _c2011 |
||
| 300 | _a186 páginas | ||
| 490 | _aCiencias humanas | ||
| 650 | _aLaw | ||
| 856 | _uhttps://public.digitaliapublishing.com/a/30059 | ||
| 942 | _cCF | ||
| 999 |
_c95365 _d95365 |
||